How to do research : (Record no. 37290)

MARC details
000 -LEADER
fixed length control field 00919nam a22001937a 4500
008 - FIXED-LENGTH DATA ELEMENTS--GENERAL INFORMATION
fixed length control field 100910t xxu||||| |||| 00| 0 eng d
020 ## - INTERNATIONAL STANDARD BOOK NUMBER
International Standard Book Number 9781856045940
050 ## - LIBRARY OF CONGRESS CALL NUMBER
Classification number Q180.55
Item number .M66 2006
100 ## - MAIN ENTRY--PERSONAL NAME
Personal name Moore, Nick.
245 ## - TITLE STATEMENT
Title How to do research :
Remainder of title a practical guide to designing and managing research projects /
250 ## - EDITION STATEMENT
Edition statement 3rd rev. ed.
260 ## - PUBLICATION, DISTRIBUTION, ETC. (IMPRINT)
Place of publication, distribution, etc London
Name of publisher, distributor, etc Facet
Date of publication, distribution, etc 2006.
300 ## - PHYSICAL DESCRIPTION
Extent xv, 176 p. :
Other physical details ill. ;
Dimensions 24 cm.
500 ## - GENERAL NOTE
General note Includes bibliographical references (p. [159]-162) and index.
650 ## - SUBJECT ADDED ENTRY--TOPICAL TERM
Topical term following geographic name as entry element Research --Methodology.
942 ## - ADDED ENTRY ELEMENTS (KOHA)
Source of classification or shelving scheme Library of Congress Classification
Item type Book
Holdings
Withdrawn status Lost status Source of classification or shelving scheme Damaged status Not for loan Collection code Home library Current library Shelving location Date acquired Source of acquisition Total Checkouts Total Renewals Full call number Barcode Date last seen Date last borrowed Copy number Price effective from Koha item type
    Library of Congress Classification     Non-fiction Bishop Okullu Memorial Library (Limuru Campus) Bishop Okullu Memorial Library (Limuru Campus) General Circulation 10/09/2010 purchase 51 8 Q180.55 .M66 2006 021751 08/10/2024 07/10/2024 1 10/09/2010 Book